Statistics for Penelope Scott Lotta True Crime Lyrics

Click here to take the quiz!

General Stats

  • This quiz has been taken 44 times
  • The average score is 200 of 275

Answer Stats

Answers% Correct
a
97%
girl
97%
i
97%
so
97%
the
97%
be
94%
me
94%
crime
91%
lot
91%
of
91%
she
91%
to
91%
true
91%
and
88%
girls
88%
girl's
88%
in
88%
listen
88%
night
88%
this
88%
van
88%
you
88%
at
84%
every
84%
fucking
84%
he
84%
it
84%
just
84%
kill
84%
right
84%
alright
81%
bar
81%
behind
81%
feel
81%
know
81%
one
81%
she'll
81%
she's
81%
shes
81%
that
81%
two
81%
we
81%
white
81%
but
78%
car
78%
fine
78%
good
78%
have
78%
like
78%
makes
78%
three
78%
your
78%
big
75%
dumb
75%
got
75%
had
75%
hell
75%
his
75%
man
75%
motherfuckers
75%
they
75%
was
75%
who
75%
end
72%
has
72%
i'm
72%
mean
72%
shaking
72%
Ted Bundy
72%
there
72%
too
72%
well
72%
all
69%
by
69%
called
69%
gonna
69%
is
69%
might
69%
never
69%
our
69%
talk
69%
terrified
69%
took
69%
advantage
66%
friends
66%
he's
66%
killer
66%
only
66%
rock
66%
shit
66%
think
66%
fight
63%
home
63%
lotta
63%
meet
63%
no
63%
sit
63%
sure
63%
wins
63%
alone
59%
away
59%
cause
59%
dead
59%
doesn't
59%
from
59%
glad
59%
hope
59%
impolite
59%
not
59%
pumpkin
59%
quaking
59%
seem
59%
somehow
59%
someway
59%
they're
59%
together
59%
ugly
59%
wife
59%
bright
56%
candle
56%
her
56%
oblivious
56%
woods
56%
are
53%
for
53%
head
53%
heavy
53%
it's
53%
knots
53%
monster
53%
sorta
53%
you're
53%
actually
50%
caught
50%
charismatic
50%
guard
50%
killed
50%
off
50%
ropes
50%
special
50%
tonight
50%
with
50%
could've
47%
game
47%
playing
47%
someone
44%
their
44%
up
44%
winning
44%
David Parker Ray
38%
someday
38%
found
34%
last
34%
body
31%
Dennis Rayder
31%
young
31%
bad
28%
eyes
28%
gone
28%
outside
28%
take
28%
turned
28%
care
25%
must
25%
lord
22%
somebody
22%
where's
19%
tighttied
9%
nww
0%

Score Distribution

Percentile by Number Answered

Percent of People with Each Score

Your Score History

You have not taken this quiz